000 00413nam a2200157Ia 4500
008 230917s9999||||xx |||||||||||||| ||und||
040 _e178335
_aMAIN
041 _aEnglish
082 _a547.05 M474O(2)
100 _aMehrotra, R C
245 0 _aOrganometallic Chemistry: A unified approach
250 _a2nd ed.
260 _aNew Delhi
_bNew Age International
_c2009
300 _axiii, 618 p.
942 _cBK
999 _c156274
_d156274